000 00773nam a2200229 i 4500
001 189308
003 SpMaBN
005 20230906223437.0
008 190522s1973 sp |||| | spa d
020 _a84-7071-266-7
080 _a232.97
100 1 _aRuckstuhl, Eugen.
_9167083
245 1 3 _aLa resurrección de Jesucristo
_b: hecho histórico-salvífico y foco de la fe /
_cEugen Tuctstuhl, Josef Pfammatter ; [traducción por Fernando Presa Sagarra].
260 _aMadrid :
_bFax,
_c[1973]
300 _a202 p. ;
_c22 cm.
490 1 _aActualidad bíblica ;
_v32
600 0 7 _aJesucristo-
_xResurrección.
_9165795
700 1 _aPfammatter, Josef.
_9167084
830 0 _aActualidad bíblica ;
_v32
_9193281
852 _aES-MaACL
_jJ-9(28)
999 _c189308
_d189308